ბათუმის შოთა რუსთაველის სახელმწიფო უნივერსიტეტის ბიბლიოთეკა

ინფორმაციული წიგნიერება: ბიბლიოთეკათმცოდნეობა და საინფორმაციო ტექნოლოგიები. სალექციო კურსი (ბიბ.ჩანაწერი № 52813)

000 -LEADER
fixed length control field 01214nam a2200253Ia 4500
001 - CONTROL NUMBER
control field 19843
003 - CONTROL NUMBER IDENTIFIER
control field GE_BSU
008 - FIXED-LENGTH DATA ELEMENTS--GENERAL INFORMATION
fixed length control field 181216s||||||||xx |||||||||||||| ||und||
040 ## - CATALOGING SOURCE
Transcribing agency GE_BSU
080 ## - UNIVERSAL DECIMAL CLASSIFICATION NUMBER
Universal Decimal Classification number 02(042.4)
245 ## - TITLE STATEMENT
Title ინფორმაციული წიგნიერება: ბიბლიოთეკათმცოდნეობა და საინფორმაციო ტექნოლოგიები. სალექციო კურსი
245 ## - TITLE STATEMENT
Statement of responsibility, etc. რედ. ა. ლორია.
250 ## - EDITION STATEMENT
Edition statement ილია ჭავჭავაძის სახ. უნ-ტი
260 ## - PUBLICATION, DISTRIBUTION, ETC.
Place of publication, distribution, etc. თბილისი
260 ## - PUBLICATION, DISTRIBUTION, ETC.
Name of publisher, distributor, etc. ილია ჭავჭავაძის სახ. უნ-ტის გამ-ბა
260 ## - PUBLICATION, DISTRIBUTION, ETC.
Date of publication, distribution, etc. 2009
300 ## - PHYSICAL DESCRIPTION
Extent 96გვ.
653 ## - INDEX TERM--UNCONTROLLED
Uncontrolled term ბიბლიოთეკარი
653 ## - INDEX TERM--UNCONTROLLED
Uncontrolled term ინფორმაციული წიგნიერება: ბიბლიოთეკათმცოდნეობა და საინფორმაციო ტექნოლოგიები.
653 ## - INDEX TERM--UNCONTROLLED
Uncontrolled term სალექციო კურსი
653 ## - INDEX TERM--UNCONTROLLED
Uncontrolled term ქსეროქსი
942 ## - ADDED ENTRY ELEMENTS (KOHA)
Koha item type წიგნი
ეგზემპლარები
Withdrawn status Lost status Damaged status Not for loan Date acquired Barcode Date last seen Price effective from Koha item type Public note
        2018-12-17 00409 2018-12-17 2018-12-17 წიგნი ქსეროქსი